000
00309nam a2200145Ia 4500
100
_a
Abbott.A.F
942
_c
BK
654
_a
Physics
245
_a
Ordinary Level Physics
260
_b
Heinemann Educational Book
_a
London
_c
1963
082
_a
530
_b
Abb
300
_a
665
546
_a
ENGLISH
999
_c
21968
_d
21968